Joueur de foot par photo (spécial Stade Rennais) - Statistiques

Statistiques générales
  • Ce quiz a été pris 271 fois
  • Le résultat moyen est 18 sur 20
Statistiques - réponses
Par images Réponse % Correct
Steve Mandanda
99%
Amine Gouiri
98%
Désiré Doué
98%
Eduardo Camavinga
98%
Martin Terrier
97%
Ousmane Dembélé
97%
Benjamin Bourigeaud
96%
Ludovic Blas
96%
Arnaud Kalimuendo
95%
Jérémy Doku
94%
Arthur Theate
93%
Edouard Mendy
92%
Nayef Aguerd
86%
Yoann Gourcuff
85%
Hamari Traoré
83%
Warmed Omari
81%
Romain Danzé
78%
Petr Cech
76%
Jordan James
71%
Albert Gronbaek
64%
Aucun quiz correspondant
Distribution des résultats
% des personnes avec chaque résultat
Percentile par nombre de réponses
Votre historique - résultats
Vous n’avez pas pris ce quiz